| 000 | 00705cam a2200229 a 4500 | ||
|---|---|---|---|
| 001 | 4359815 | ||
| 005 | 20180131040932.0 | ||
| 008 | 900411s1990 nyuab 001 0 eng | ||
| 010 | _a 90004553 | ||
| 020 |
_a0060164638 : _c$50.00 ($68.95 Can.) |
||
| 040 |
_aDLC _cDLC _dDLC |
||
| 041 | _aeng | ||
| 043 | _an-us--- | ||
| 080 | _a779.963.0973 geo | ||
| 082 | 0 | 0 |
_a779.963.0973 geo _220 |
| 100 | 1 | _a9 | |
| 101 | _amje | ||
| 245 | 1 | 0 |
_aAmber waves of grain : _cGeorg Gerster ; text and captions by Joyce Diamanti ; foreword by Garrison Keillor. |
| 906 |
_a7 _bcbc _corignew _d1 _eocip _f19 _gy-gencatlg |
||
| 942 |
_2ddc _cBK |
||
| 999 |
_c41342 _d41342 |
||